[Event "Portugal Open 2018"]
[Site "Lisboa POR"]
[Date "2018.02.09"]
[Round "9.101"]
[White "Fortunato, António"]
[Black "Silva, Tiago Alexandre"]
[Result "0-1"]
[WhiteElo "1651"]
[BlackElo "1716"]
[WhiteFideId "1941810"]
[BlackFideId "1935321"]
[WhiteCountry "POR"]
[BlackCountry "POR"]
[PlyCount "64"]
[EventDate "2018.??.??"]

1. e4 c5 2. c3 Nf6 3. e5 Nd5 4. Bc4 Nb6 5. Bb3 e6 6. d4 cxd4 7. cxd4 Nc6 8. Ne2
d6 9. f4 dxe5 10. dxe5 Qxd1+ 11. Bxd1 Bc5 12. Nbc3 a6 13. Ne4 Be7 14. Be3 Nd5
15. Bf2 Bb4+ 16. N4c3 O-O 17. O-O Bxc3 18. bxc3 b5 19. a3 Bb7 20. Bc5 Rfd8 21.
Bc2 Na5 22. f5 Rac8 23. Bd4 Nc4 24. fxe6 fxe6 25. Bb3 Nd2 26. Bxd5 Bxd5 27. Rf2
Ne4 28. Rf4 Rf8 29. a4 Rxf4 30. Nxf4 Nxc3 31. Rc1 b4 32. Kf2 Ne4+ 0-1

[Event "Portugal Open 2018"]
[Site "Lisboa POR"]
[Date "2018.02.09"]
[Round "9.102"]
[White "Pérez Bolanos, Joel"]
[Black "Monteiro, Sara"]
[Result "0-1"]
[WhiteElo "1628"]
[BlackElo "1712"]
[WhiteFideId "24564419"]
[BlackFideId "1909860"]
[BlackTitle "WCM"]
[WhiteCountry "ESP"]
[BlackCountry "POR"]
[PlyCount "118"]
[EventDate "2018.??.??"]

1. f4 b6 2. b3 Bb7 3. Bb2 Nf6 4. e3 e6 5. Nf3 c5 6. Be2 Nc6 7. O-O Qc7 8. d3 d5
9. Ne5 O-O-O 10. Nd2 Bd6 11. Ndf3 h6 12. a4 a5 13. c4 Rhg8 14. d4 Ne4 15. cxd5
exd5 16. Nxc6 Bxc6 17. dxc5 Bxc5 18. Bd4 f5 19. Bxc5 bxc5 20. Qc2 g5 21. Ne5
gxf4 22. Nxc6 Qxc6 23. Rxf4 d4 24. Bd3 dxe3 25. Bxe4 fxe4 26. Qxe4 Qxe4 27. Rxe4
Rd3 28. Re1 Rxb3 29. R4xe3 Rb4 30. Rc3 c4 31. Re4 Rxa4 32. Rexc4+ Rxc4 33. Rxc4+
Kb7 34. Rh4 Rg6 35. Kf2 Re6 36. Kf3 Kc6 37. Kf4 Re2 38. Rxh6+ Kb5 39. g4 a4 40.
h4 a3 41. Rh5+ Kb4 42. Rh8 Rf2+ 43. Kg5 a2 44. Ra8 Kb3 45. h5 Rd2 46. h6 Rd5+
47. Kh4 Rd7 48. g5 Rd4+ 49. Kh5 Ra4 50. Rxa4 Kxa4 51. h7 a1=Q 52. g6 Qg7 53. Kg5
Kb5 54. Kh5 Kc6 55. Kg5 Kd6 56. Kf5 Kd5 57. Kg5 Ke6 58. Kh5 Kf6 59. Kh4 Kxg6 0-1

[Event "Portugal Open 2018"]
[Site "Lisboa POR"]
[Date "2018.02.09"]
[Round "9.103"]
[White "Billot, Daniel"]
[Black "Dong, Rafael"]
[Result "1-0"]
[WhiteElo "1710"]
[BlackElo "1149"]
[WhiteFideId "618004"]
[BlackFideId "1958038"]
[WhiteCountry "FRA"]
[BlackCountry "POR"]
[PlyCount "53"]
[EventDate "2018.??.??"]

1. e4 c5 2. c3 Nf6 3. e5 Nd5 4. d4 cxd4 5. cxd4 Nc6 6. Nf3 e6 7. Bd3 d6 8. O-O
dxe5 9. dxe5 Qc7 10. Qe2 Be7 11. Bd2 Bd7 12. Nc3 Nxc3 13. Bxc3 Nb4 14. Bxb4 Bxb4
15. Bxh7 Rxh7 16. Qe4 Rh8 17. Qxb4 Rc8 18. Qf4 Bc6 19. Nd4 Qb6 20. Nxc6 Rxc6 21.
Qg4 Rg8 22. Rad1 Rc8 23. Rd6 Qxb2 24. Rfd1 f6 25. Qg6+ Ke7 26. Rd7+ Kf8 27. Qf7#
1-0

[Event "Portugal Open 2018"]
[Site "Lisboa POR"]
[Date "2018.02.09"]
[Round "9.104"]
[White "Martins, Domingos"]
[Black "Silva, Pedro Gil"]
[Result "1-0"]
[WhiteElo "1223"]
[BlackElo "1766"]
[WhiteFideId "1947389"]
[BlackFideId "1946102"]
[WhiteCountry "POR"]
[BlackCountry "POR"]
[PlyCount "25"]
[EventDate "2018.??.??"]

1. d4 d5 2. Nf3 Nf6 3. Bf4 e6 4. e3 c5 5. c3 Nc6 6. Nbd2 Bd6 7. Bg3 O-O 8. Bd3
b6 9. Ne5 Qc7 10. Ndf3 Nd7 11. Qc2 Bb7 12. Ng5 h6 13. Bh7+ 1-0

[Event "Portugal Open 2018"]
[Site "Lisboa POR"]
[Date "2018.02.09"]
[Round "9.105"]
[White "Santos, Ana P"]
[Black "Vera Cruz, Aguinaldo"]
[Result "1/2-1/2"]
[WhiteElo "1534"]
[BlackElo "1729"]
[WhiteFideId "1921550"]
[BlackFideId "23600250"]
[WhiteCountry "POR"]
[BlackCountry "CPV"]
[PlyCount "78"]
[EventDate "2018.??.??"]

1. e4 e5 2. Nf3 Nc6 3. d4 exd4 4. Nxd4 Nxd4 5. Qxd4 Qf6 6. c3 Qxd4 7. cxd4 Bb4+
8. Bd2 Bxd2+ 9. Nxd2 Nf6 10. g3 O-O 11. Bg2 d6 12. O-O c6 13. Rfe1 Be6 14. a3
Rfe8 15. Rac1 Rac8 16. e5 dxe5 17. dxe5 Nd7 18. Nf3 Bg4 19. Rc3 Bxf3 20. Bh3
Rcd8 21. Bxd7 Rxd7 22. Rxf3 Rd2 23. b4 Red8 24. e6 fxe6 25. Rxe6 R2d3 26. Kg2
Rxf3 27. Kxf3 Rd3+ 28. Re3 Rd7 29. Ke2 Kf7 30. f4 Kf6 31. g4 g6 32. Re5 b6 33.
h4 Re7 34. Rxe7 Kxe7 35. Ke3 Kf6 36. Ke4 h6 37. Ke3 Ke6 38. Ke4 Kf6 39. Ke3 Ke6
1/2-1/2

[Event "Portugal Open 2018"]
[Site "Lisboa POR"]
[Date "2018.02.09"]
[Round "9.106"]
[White "Soares, Pedro Pita"]
[Black "Correia, Pedro Mourão"]
[Result "1/2-1/2"]
[WhiteElo "1713"]
[BlackElo "1520"]
[WhiteFideId "1931725"]
[BlackFideId "1959522"]
[WhiteCountry "POR"]
[BlackCountry "POR"]
[PlyCount "38"]
[EventDate "2018.??.??"]

1. d4 c6 2. c4 d5 3. Nc3 Nf6 4. Nf3 Bf5 5. cxd5 Nxd5 6. Qb3 Nb6 7. Bf4 Na6 8. e3
Nc7 9. Ne5 e6 10. Rc1 Bd6 11. h3 Ncd5 12. Nxd5 exd5 13. a4 Bxe5 14. Bxe5 f6 15.
Bg3 Qd7 16. a5 Nc8 17. Qa3 Qe7 18. b4 Nd6 19. Bxd6 Qxd6 1/2-1/2

[Event "Portugal Open 2018"]
[Site "Lisboa POR"]
[Date "2018.02.09"]
[Round "9.107"]
[White "Rodrigues, Tiago Nobre"]
[Black "Amaral, Fernando"]
[Result "1-0"]
[WhiteElo "1683"]
[BlackElo "1518"]
[WhiteFideId "1941410"]
[BlackFideId "1931288"]
[WhiteCountry "POR"]
[BlackCountry "POR"]
[PlyCount "73"]
[EventDate "2018.??.??"]

1. e4 c5 2. Nf3 e6 3. Nc3 a6 4. d4 cxd4 5. Nxd4 Qc7 6. a3 Bc5 7. Nb3 Be7 8. g3
b5 9. Bg2 Bb7 10. O-O d6 11. Re1 Nf6 12. Be3 Nbd7 13. Qd2 O-O 14. Rac1 Ne5 15.
Rb1 Nc4 16. Qd3 Rac8 17. Nd1 Ne5 18. Qc3 Qb8 19. Qd2 Nxe4 20. Qe2 Qa8 21. Nd4
Nf6 22. Bxb7 Qxb7 23. Nc3 Nc4 24. Bg5 h6 25. Bc1 Rc5 26. f4 Qb6 27. Kf1 Qb7 28.
Kg1 Qa7 29. Kf1 Rfc8 30. Nd1 Rh5 31. Nxe6 Qd7 32. Nd4 Qh3+ 33. Qg2 Qxg2+ 34.
Kxg2 Nd5 35. c3 Bf6 36. Nf3 g5 37. g4 1-0

[Event "Portugal Open 2018"]
[Site "Lisboa POR"]
[Date "2018.02.09"]
[Round "9.108"]
[White "Antunes, André"]
[Black "Gaudin, Bruno"]
[Result "1-0"]
[WhiteElo "1459"]
[BlackElo "1635"]
[WhiteFideId "1936328"]
[BlackFideId "647861"]
[WhiteCountry "POR"]
[BlackCountry "FRA"]
[PlyCount "99"]
[EventDate "2018.??.??"]

1. b3 d5 2. f4 Nf6 3. Nf3 c5 4. Bb2 e6 5. e3 Be7 6. Be2 Nc6 7. O-O O-O 8. a3 a6
9. Qe1 Ne8 10. Qg3 Bf6 11. Nc3 b5 12. Nd1 Bxb2 13. Nxb2 c4 14. b4 Qf6 15. c3 Nd6
16. Nd4 Ne4 17. Qe1 Nxd4 18. exd4 Qd8 19. d3 cxd3 20. Nxd3 f5 21. Nc5 Rf6 22. a4
Nxc5 23. bxc5 Bd7 24. axb5 Bxb5 25. Bxb5 axb5 26. Rxa8 Qxa8 27. Qa1 Qb8 28. Rb1
h5 29. g3 Rg6 30. Kf2 h4 31. Qa6 Kh7 32. Rxb5 Qd8 33. Qb7 e5 34. Rb6 hxg3+ 35.
hxg3 Rg4 36. dxe5 Rxf4+ 37. gxf4 Qh4+ 38. Ke2 Qh2+ 39. Kd3 Qg2 40. Qf7 Qf3+ 41.
Kc2 Qe2+ 42. Kb1 Qd3+ 43. Kb2 Qd2+ 44. Kb3 Qd1+ 45. Kb4 Qb1+ 46. Ka5 Qa2+ 47.
Kb5 Qb3+ 48. Kc6 Qc4 49. Kb7 Qe4 50. Qg6+ 1-0

[Event "Portugal Open 2018"]
[Site "Lisboa POR"]
[Date "2018.02.09"]
[Round "9.111"]
[White "Leite, Marta"]
[Black "Costa, Raul"]
[Result "0-1"]
[WhiteElo "1784"]
[BlackElo "1363"]
[WhiteFideId "1904035"]
[BlackFideId "1956868"]
[WhiteCountry "POR"]
[BlackCountry "POR"]
[PlyCount "72"]
[EventDate "2018.??.??"]

1. e4 b6 2. d4 Bb7 3. Nc3 e6 4. Bd3 Bb4 5. Nge2 Nf6 6. O-O Nc6 7. Bg5 h6 8. Bh4
g5 9. Bg3 Bxc3 10. bxc3 d6 11. Re1 Qd7 12. Bb5 O-O-O 13. d5 Nxe4 14. dxc6 Bxc6
15. Bxc6 Qxc6 16. Nd4 Qd5 17. c4 Qb7 18. a4 e5 19. Qg4+ Kb8 20. Rxe4 exd4 21.
Rxd4 a5 22. Re1 Qc6 23. Qd1 h5 24. Be5 Rh6 25. Rd5 Qxc4 26. Rd4 Qc6 27. Qd3 Re6
28. Qf5 Rde8 29. Qxf7 Rxe5 30. Rf1 Re1 31. h3 Rxf1+ 32. Kxf1 Re5 33. Rc4 Rc5 34.
Rxc5 Qxc5 35. Qxh5 Qxc2 36. Qxg5 Qd1# 0-1

[Event "Portugal Open 2018"]
[Site "Lisboa POR"]
[Date "2018.02.09"]
[Round "9.113"]
[White "Bártolo, Filipe"]
[Black "Dong, Fábio"]
[Result "1-0"]
[WhiteElo "1572"]
[BlackElo "1201"]
[WhiteFideId "1942565"]
[BlackFideId "1958020"]
[WhiteCountry "POR"]
[BlackCountry "POR"]
[PlyCount "53"]
[EventDate "2018.??.??"]

1. d4 Nf6 2. Bf4 d5 3. Nf3 e6 4. e3 c5 5. c3 Nc6 6. Bd3 b6 7. O-O Bd6 8. Ne5 Qc7
9. Nxc6 Qxc6 10. Be5 Bxe5 11. dxe5 Nd7 12. f4 Bb7 13. Nd2 O-O-O 14. h4 c4 15.
Bc2 f5 16. Nf3 h6 17. Nd4 Qc7 18. Nxe6 Qc6 19. Nxd8 Kxd8 20. Bxf5 d4 21. Qe2
dxe3 22. Rfd1 Bc8 23. Rd6 Qb5 24. Rad1 Rf8 25. Rxd7+ Bxd7 26. Rxd7+ Ke8 27. Qh5+
1-0

[Event "Portugal Open 2018"]
[Site "Lisboa POR"]
[Date "2018.02.09"]
[Round "9.114"]
[White "Palhas, Miguel Brando"]
[Black "Rupérez Benito, Paula"]
[Result "0-1"]
[WhiteElo "1323"]
[BlackElo "1544"]
[WhiteFideId "1961349"]
[BlackFideId "22297618"]
[WhiteCountry "POR"]
[BlackCountry "ESP"]
[PlyCount "48"]
[EventDate "2018.??.??"]

1. e4 e6 2. d4 d5 3. e5 c5 4. c3 Qb6 5. f4 Nc6 6. Nf3 Nge7 7. Be2 cxd4 8. cxd4
Nf5 9. Qd3 Nfxd4 10. Nxd4 Nxd4 11. Be3 Nc2+ 12. Kd2 Nxe3 13. Qb5+ Qc6 14. Qxc6+
bxc6 15. Kxe3 Bc5+ 16. Kd2 Bd7 17. Nc3 Rb8 18. Na4 Bb4+ 19. Kc2 c5 20. Nc3 c4
21. Rhd1 O-O 22. Bxc4 Rfc8 23. Bf1 Ba4+ 24. b3 Rxc3+ 0-1

[Event "Portugal Open 2018"]
[Site "Lisboa POR"]
[Date "2018.02.09"]
[Round "9.117"]
[White "Bártolo, Diogo"]
[Black "Costa, Fábio"]
[Result "0-1"]
[WhiteElo "1297"]
[BlackElo "1207"]
[WhiteFideId "1946757"]
[BlackFideId "1961063"]
[WhiteCountry "POR"]
[BlackCountry "POR"]
[PlyCount "120"]
[EventDate "2018.??.??"]

1. e4 c5 2. Nf3 d6 3. d4 cxd4 4. Nxd4 Nf6 5. Nc3 a6 6. Bg5 e6 7. h3 Be7 8. Bc4
b5 9. Bd3 Nbd7 10. Nc6 Qc7 11. Nxe7 Kxe7 12. Bxf6+ Nxf6 13. Qf3 Bb7 14. Qe3 Rhe8
15. a4 b4 16. Ne2 Kf8 17. O-O d5 18. e5 Nd7 19. f4 Kg8 20. Ng3 Nc5 21. Be2 Qc6
22. Bf3 Ne4 23. Nxe4 dxe4 24. Bd1 Rec8 25. Rc1 Qc5 26. Qxc5 Rxc5 27. c3 h6 28.
c4 g5 29. g3 gxf4 30. Rxf4 Rxe5 31. Rh4 Kg7 32. Bh5 e3 33. Re1 a5 34. Rg4+ Kh7
35. Bxf7 Rf8 36. Rf1 Be4 37. Bg8+ Rxg8 38. Rf7+ Kh8 39. Rxg8+ Kxg8 40. Rf1 Bd3
41. Re1 Bxc4 42. Kg2 Bb3 43. Kf3 Rf5+ 44. Kg4 Bxa4 45. Rxe3 Kf7 46. h4 Bd1+ 47.
Kh3 Rf1 48. Re4 Bf3 49. Rf4+ Ke7 50. g4 Bg2+ 51. Kg3 Rxf4 52. Kxf4 Kf6 53. g5+
hxg5+ 54. hxg5+ Kg6 55. Ke5 a4 56. Kd4 a3 57. bxa3 bxa3 58. Kc3 e5 59. Kb3 e4
60. Kxa3 e3 0-1

[Event "Portugal Open 2018"]
[Site "Lisboa POR"]
[Date "2018.02.09"]
[Round "9.118"]
[White "Machado, Tiago"]
[Black "Canelas, Miguel"]
[Result "1-0"]
[WhiteElo "1491"]
[BlackElo "1172"]
[WhiteFideId "1953699"]
[BlackFideId "1941968"]
[WhiteCountry "POR"]
[BlackCountry "POR"]
[PlyCount "67"]
[EventDate "2018.??.??"]

1. e4 c5 2. Nf3 d6 3. d4 cxd4 4. Nxd4 Nf6 5. Nc3 g6 6. Bc4 Bg7 7. O-O Nxe4 8.
Nxe4 d5 9. Bb5+ Bd7 10. Bxd7+ Qxd7 11. Nc3 O-O 12. Re1 e5 13. Nb3 Rd8 14. Bg5 f6
15. Bd2 Nc6 16. Qf3 Rac8 17. Rad1 Ne7 18. Be3 Qd6 19. Re2 d4 20. Ne4 Qb4 21. Bd2
Qb5 22. Bc1 Rc7 23. c3 Rcd7 24. Red2 Nc6 25. Nxf6+ Bxf6 26. Qxf6 d3 27. Re1 Rf8
28. Qe6+ Rdf7 29. Rdd1 Kh8 30. Bh6 Rf6 31. Qh3 R8f7 32. Rd2 Rd6 33. Re3 Rfd7 34.
Qf3 1-0

[Event "Portugal Open 2018"]
[Site "Lisboa POR"]
[Date "2018.02.09"]
[Round "9.119"]
[White "Pina, Tiago"]
[Black "Blum, Ulrike"]
[Result "1/2-1/2"]
[WhiteElo "1154"]
[BlackElo "1326"]
[WhiteFideId "1950673"]
[BlackFideId "22238832"]
[WhiteCountry "POR"]
[BlackCountry "ESP"]
[PlyCount "90"]
[EventDate "2018.??.??"]

1. e4 c5 2. Nf3 Nc6 3. d4 cxd4 4. Nxd4 g6 5. c4 Bg7 6. Be3 Nf6 7. f3 O-O 8. Qd2
d6 9. Nc3 Re8 10. Rc1 Bd7 11. Be2 Rc8 12. O-O Ne5 13. b3 a5 14. f4 Neg4 15. Bf3
Nxe3 16. Qxe3 Bg4 17. h3 Bxf3 18. Rxf3 e5 19. Ndb5 exf4 20. Qd3 Re6 21. Rd1 Ne8
22. Nd5 Be5 23. Nd4 Bxd4+ 24. Qxd4 Nf6 25. Rxf4 Nxd5 26. exd5 Re5 27. Re4 Rxe4
28. Qxe4 Qe8 29. Re1 Qxe4 30. Rxe4 Kf8 31. Kf2 Re8 32. Kf3 Rxe4 33. Kxe4 f5+ 34.
Kf4 Kf7 35. Kg5 Kg7 36. h4 h6+ 37. Kf4 Kf6 38. g4 fxg4 39. Kxg4 Ke5 40. h5 g5
41. Kf3 Kf5 42. Kg3 Ke4 43. Kg4 Ke5 44. Kf3 Kf5 45. Kg3 Ke4 1/2-1/2